000 00978nam a2200313Ia 4500
003 OSt
005 20221007124545.0
006 a|||||r|||| 00| 0
007 ta
008 221006b |||||||| |||| 00| 0 eng d
020 _a9781118139257 (hbk)
024 _a192936
037 _b284, 06/02/2015, Vardhman Books
_cTextual
040 _aCDL
_cCDL
_beng
041 _2eng
_aeng
082 _aE:88, P0;Q4 Carc
100 _aBhaduri Sumit
_9718771
245 0 _aHomogeneous catalysis: mechanisms and industrial applications
_b Mukesh Doble
250 _a2
260 _aCanada
_bWiley
_c2014
300 _axi, 276p. ill.
_ccm.
500 _aIndex 273-276p.
650 _a Methods of investigation
_9719597
650 _a Oxidation
650 _aChemical concepts
700 _a Mukesh Doble
_9718773
942 _hE:88, P0;Q4 Carc
_cTEXL
_2CC
999 _c1213728
_d1213728